Copia de carta escrita al ilustrísimo señor don Juan de Santiago de León Garavito señor Obispo de Guadalajara, encomiando su celo pastoral

Detalles Bibliográficos
Otros Autores: Juan de Santiago de León Garavito
Formato: Libro
Publicado: Guadalajara, Valladolid, 1686
Materias:
Colección:Banco de datos
Acervo:Biblioteca Palafoxiana. Colección de Manuscritos
Descripción Física:6 f. ; 21 x 31 cm.
Tema general:Eclesiástica
LEADER 00517nam a22001450004500
035 |a 4302 
245 1 0 |a Copia de carta escrita al ilustrísimo señor don Juan de Santiago de León Garavito señor Obispo de Guadalajara, encomiando su celo pastoral 
260 |a Guadalajara, Valladolid, 1686 
300 |a 6 f. ; 21 x 31 cm. 
650 1 0 |a Eclesiástica 
700 1 |a Juan de Santiago de León Garavito 
949 |a R499/007 
942 |c PALAMANU 
943 |g Biblioteca Palafoxiana. Colección de Manuscritos 
999 |c 1072247  |d 1072247